000 00494nam a22001697a 4500
005 20251108165243.0
008 250721s1989 xx 000 0 ara d
082 1 4 _a613.7/إست
245 1 0 _aالإسترخاء :
_bسبيل الراحة /
264 1 _aبيروت :
_bالشركة الشرقية للمطبوعات،
_c1989.
300 _a96ص
490 0 _aسلسلة أسرتي
650 1 7 _aاللياقة البدنية
650 1 7 _aالصحة
942 _2ddc
_cBK
999 _c23335
_d23335